000 00667nam a22002177a 4500
003 OSt
005 20150409140427.0
008 150409b xxu||||| |||| 00| 0 eng d
020 _a044305326x
040 _cDNLM
082 _aWO 100 N42k 1998
245 _aThe New Aird's Companion in Surgical Studies /
_cEdited by Kevin G. Burnand, Anthony E. Young
250 _a2nd ed.
260 _aLondon:
_bChurchill Livingstone;
_c1998.
300 _aix, 1429p :
_bill;
_c27 cm
504 _aIncludes references and index.
650 _aSurgical studies
_93619
700 _4Editor
_aBurnand Kevin G.
_93620
700 _4Editor
_aYoung Anthony E.
_93621
942 _2z
_cSLOAN
999 _c1366
_d1366